MARC details
| 000 -LEADER |
| fixed length control field |
01248nam a2200337Ia 4500 |
| 001 - CONTROL NUMBER |
| control field |
49969513 |
| 003 - CONTROL NUMBER IDENTIFIER |
| control field |
OCoLC |
| 005 - DATE AND TIME OF LATEST TRANSACTION |
| control field |
20170412130843.0 |
| 008 - FIXED-LENGTH DATA ELEMENTS--GENERAL INFORMATION |
| fixed length control field |
020611s1998 coua j 000 1 spa d |
| 020 ## - INTERNATIONAL STANDARD BOOK NUMBER |
| International Standard Book Number |
0769900860 (pbk.) |
| 040 ## - CATALOGING SOURCE |
| Original cataloging agency |
HAY |
| Transcribing agency |
HAY |
| 041 1# - LANGUAGE CODE |
| Language code of text/sound track or separate title |
spa |
| Language code of original |
eng |
| 092 ## - LOCALLY ASSIGNED DEWEY CALL NUMBER (OCLC) |
| Classification number |
J |
| Item number |
SPANISH JE TRUSSELL-CULLEN |
| 100 1# - MAIN ENTRY--PERSONAL NAME |
| Personal name |
Trussell-Cullen, Alan. |
| 245 13 - TITLE STATEMENT |
| Title |
El diente que silba / |
| Statement of responsibility, etc. |
escrito por Alan Trussell-Cullen ; [written in Spanish by Lourdes Huici] ; ilustrado por Linette Porter. |
| 246 1# - VARYING FORM OF TITLE |
| Display text |
Spanish translation of : |
| Title proper/short title |
Whistle tooth. |
| 260 ## - PUBLICATION, DISTRIBUTION, ETC. (IMPRINT) |
| Place of publication, distribution, etc. |
Denver, CO : |
| Name of publisher, distributor, etc. |
Shortland Publications, |
| Date of publication, distribution, etc. |
c1998. |
| 300 ## - PHYSICAL DESCRIPTION |
| Extent |
16 p. : |
| Other physical details |
col. ill. ; |
| Dimensions |
19 cm. |
| 440 #0 - SERIES STATEMENT/ADDED ENTRY--TITLE |
| Title |
Sra. Sabiduría. |
| Name of part/section of a work |
Grillos de la noche. |
| Number of part/section of a work |
Serie B. |
| 500 ## - GENERAL NOTE |
| General note |
Cover title. |
| 500 ## - GENERAL NOTE |
| General note |
Translation of: The whistle tooth. |
| 520 ## - SUMMARY, ETC. |
| Summary, etc. |
When Erica's new tooth grows in, she can whistle like the rest of her family ; Controlled vocabulary. |
| 526 ## - STUDY PROGRAM INFORMATION NOTE |
| Program name |
Sra. Sabiduría |
| Reading level |
Emergent, Level 1 |
| 650 #0 - SUBJECT ADDED ENTRY--TOPICAL TERM |
| Topical term or geographic name as entry element |
Teeth |
| Form subdivision |
Juvenile fiction. |
| 650 #0 - SUBJECT ADDED ENTRY--TOPICAL TERM |
| Topical term or geographic name as entry element |
Whistling |
| Form subdivision |
Juvenile fiction. |
| 650 #7 - SUBJECT ADDED ENTRY--TOPICAL TERM |
| Topical term or geographic name as entry element |
Dientes |
| Form subdivision |
Ficci©đn juvenil. |
| Source of heading or term |
bidex. |
| 650 #0 - SUBJECT ADDED ENTRY--TOPICAL TERM |
| Topical term or geographic name as entry element |
Readers (Primary) |
| 650 #4 - SUBJECT ADDED ENTRY--TOPICAL TERM |
| Topical term or geographic name as entry element |
Silbar |
| Form subdivision |
Ficci©đn juvenil. |
| Source of heading or term |
opl. |
| 700 1# - ADDED ENTRY--PERSONAL NAME |
| Personal name |
Porter, Linette. |
| Relator code |
ill. |
| 942 ## - ADDED ENTRY ELEMENTS (KOHA) |
| Koha item type |
Libro/Book |